[Event "FRM-chT 18th"]
[Site "Struga"]
[Date "2009.08.15"]
[Round "6"]
[White "Dimitrievski, Dragi"]
[Black "Simeonov, Stefan"]
[Result "0-1"]
[WhiteElo "2195"]
[BlackElo "2376"]
[PlyCount "90"]
[EventDate "2009.08.10"]
[EventType "team-tourn"]
[EventRounds "7"]
[EventCountry "MKD"]
[SourceTitle "CBM 131 Extra"]
[Source "ChessBase"]
[SourceDate "2009.09.03"]
[SourceVersion "2"]
[SourceVersionDate "2009.09.16"]
[SourceQuality "1"]

1. e4 c5 2. Nf3 a6 3. d4 cxd4 4. Nxd4 Nf6 5. Nc3 e5 6. Nb3 Bb4 7. Bd3 d5 8. exd5 e4 9. Be2 Nxd5 10. Bd2 Nxc3 11. bxc3 Bd6 12. Be3 Qe7 13. Qd5 Qe5 14. Qxe5+ Bxe5 15. Bd4 Nc6 16. Bxe5 Nxe5 17. Nd2 Bf5 18. Rb1 b5 19. Rb4 Nc6 20. Rb2 0-0 21. c4 b4 22. Nf1 Rfd8 23. Ne3 Be6 24. 0-0 f5 25. Rc1 Rd2 26. Bf1 Kf8 27. c5 f4 28. Nc4 Bxc4 29. Bxc4 a5 30. Rbb1 Ne5 31. Be6 g6 32. Rd1 Rad8 33. Rxd2 Rxd2 34. Bb3 Ke7 35. Re1 e3 36. fxe3 f3 37. Rf1 Rxg2+ 38. Kh1 Rd2 39. Ba4 g5 40. h3 h5 41. Kg1 Rg2+ 42. Kh1 g4 43. hxg4 hxg4 44. Rd1 g3 45. c3 Ng4 0-1

[Event "FRM-chT"]
[Site "Struga"]
[Date "2007.07.26"]
[Round "4"]
[White "Dimitrievski, Dragi"]
[Black "Stanojoski, Zvonko"]
[Result "0-1"]
[WhiteElo "2243"]
[BlackElo "2471"]
[PlyCount "80"]
[EventDate "2007.07.23"]
[EventType "team-tourn"]
[EventRounds "7"]
[EventCountry "MKD"]
[SourceTitle "CBM 119 Extra"]
[Source "ChessBase"]
[SourceDate "2007.09.04"]
[SourceVersion "1"]
[SourceVersionDate "2007.09.04"]
[SourceQuality "1"]

1. e4 c5 2. Nf3 Nc6 3. d4 cxd4 4. Nxd4 g6 5. Nc3 Bg7 6. Be3 Nf6 7. Be2 0-0 8. 0-0 d6 9. f3 Qb6 10. Qd2 Nxe4 11. Nxc6 Nxd2 12. Nxe7+ Kh8 13. Bxb6 Nxf1 14. Bf2 Nd2 15. Rd1 Bxc3 16. bxc3 Be6 17. Rxd2 Rae8 18. Bh4 f6 19. Nxg6+ hxg6 20. Rxd6 Kg7 21. a3 Kf7 22. Bd3 Rd8 23. Bxg6+ Kxg6 24. Rxe6 Rd2 25. Bf2 Rd1+ 26. Be1 Kf7 27. Re2 Ra1 28. g4 Re8 29. Kf2 Rxa3 30. h4 a5 31. h5 Rxe2+ 32. Kxe2 Ra1 33. c4 a4 34. Bc3 Rh1 35. Bb4 Rh2+ 36. Ke3 Rxc2 37. Kd3 Rb2 38. Bc3 Rb1 39. Ke4 a3 40. Kf5 Rb3 0-1

[Event "FRM CupT 15th"]
[Site "Skopje"]
[Date "2007.04.29"]
[Round "5"]
[White "Cvetkovski, Slobodan"]
[Black "Dimitrievski, Dragi"]
[Result "1/2-1/2"]
[WhiteElo "2030"]
[BlackElo "2267"]
[PlyCount "144"]
[EventDate "2007.04.25"]
[EventType "team-swiss"]
[EventRounds "5"]
[EventCountry "MKD"]
[SourceTitle "EXT 2019"]
[Source "ChessBase"]
[SourceDate "2018.10.10"]
[SourceVersion "1"]
[SourceVersionDate "2018.10.10"]
[SourceQuality "1"]

1. e4 e5 2. Nf3 Nc6 3. Bb5 a6 4. Ba4 Nf6 5. 0-0 Be7 6. Re1 b5 7. Bb3 0-0 8. c3 d5 9. exd5 Nxd5 10. Nxe5 Nxe5 11. Rxe5 c6 12. d4 Bd6 13. Re1 Qh4 14. g3 Qh3 15. Be3 Bg4 16. Qd3 Rae8 17. Nd2 Re6 18. Bxd5 cxd5 19. Qf1 Qh5 20. f3 Rf6 21. f4 g5 22. Qg2 gxf4 23. Bxf4 Bxf4 24. gxf4 Rg6 25. Nf1 Bf3 26. Ng3 Qg4 27. Qf2 h5 28. Re3 Be4 29. Kf1 h4 30. Nxe4 dxe4 31. Rxe4 Qh3+ 32. Ke2 Qg4+ 33. Kd3 f5 34. Ree1 Rf7 35. Rg1 Qh3+ 36. Qe3 Qxe3+ 37. Kxe3 Rfg7 38. Rxg6 Rxg6 39. Re1 Kf7 40. b3 Rg2 41. Re2 Rg1 42. Rf2 Ke6 43. c4 Kd6 44. Kd3 b4 45. d5 Kc5 46. Rd2 Rc1 47. Ke2 Kd6 48. Ke3 Re1+ 49. Kf2 Rc1 50. Kg2 Rc3 51. Re2 a5 52. Re6+ Kd7 53. Ra6 Rc2+ 54. Kh3 Rxa2 55. c5 Ra3 56. Kxh4 a4 57. Ra7+ Kc8 58. d6 axb3 59. Rc7+ Kd8 60. c6 Ra6 61. Rb7 Rxc6 62. Rxb4 Rxd6 63. Rxb3 Rg6 64. h3 Ke7 65. Kh5 Rg8 66. h4 Rg4 67. Rf3 Kf6 68. Ra3 Rxf4 69. Ra6+ Ke5 70. Ra5+ Kf6 71. Ra6+ Ke5 72. Ra5+ Kf6 1/2-1/2

[Event "FRM CupT 15th"]
[Site "Skopje"]
[Date "2007.04.27"]
[Round "3"]
[White "Mitkov, Marjan"]
[Black "Dimitrievski, Dragi"]
[Result "1-0"]
[WhiteElo "2401"]
[BlackElo "2267"]
[PlyCount "65"]
[EventDate "2007.04.25"]
[EventType "team-swiss"]
[EventRounds "5"]
[EventCountry "MKD"]
[SourceTitle "EXT 2019"]
[Source "ChessBase"]
[SourceDate "2018.10.10"]
[SourceVersion "1"]
[SourceVersionDate "2018.10.10"]
[SourceQuality "1"]

1. d4 Nf6 2. Nf3 g6 3. c4 Bg7 4. Nc3 0-0 5. e4 d6 6. Be2 e5 7. Be3 Nc6 8. d5 Ne7 9. Nd2 Ne8 10. 0-0 f5 11. f3 f4 12. Bf2 g5 13. c5 h5 14. cxd6 cxd6 15. Nc4 Bd7 16. a4 Rf7 17. Qb3 Ng6 18. Nb5 Bxb5 19. axb5 b6 20. Rfc1 Rc8 21. Nd2 Rfc7 22. Rc6 Nh8 23. Qc4 Nf7 24. Rxa7 Rxa7 25. Rxc8 Qe7 26. Bxb6 Ra1+ 27. Bf1 Kh7 28. Qc6 Nf6 29. Rc7 Qf8 30. Ra7 Rd1 31. Qc2 Re1 32. Bf2 Re3 33. Nc4 1-0

[Event "FRM CupT 15th"]
[Site "Skopje"]
[Date "2007.04.26"]
[Round "2"]
[White "Ilic, Mihajlo"]
[Black "Dimitrievski, Dragi"]
[Result "0-1"]
[WhiteElo "2183"]
[BlackElo "2267"]
[PlyCount "68"]
[EventDate "2007.04.25"]
[EventType "team-swiss"]
[EventRounds "5"]
[EventCountry "MKD"]
[SourceTitle "EXT 2019"]
[Source "ChessBase"]
[SourceDate "2018.10.10"]
[SourceVersion "1"]
[SourceVersionDate "2018.10.10"]
[SourceQuality "1"]

1. d4 Nf6 2. Nf3 g6 3. c4 Bg7 4. Nc3 0-0 5. e4 d6 6. Be2 e5 7. 0-0 Nc6 8. d5 Ne7 9. b4 Ne8 10. Ba3 f5 11. Nd2 Nf6 12. c5 dxc5 13. bxc5 fxe4 14. d6 Nf5 15. Ndxe4 Nxe4 16. Nxe4 cxd6 17. cxd6 Bd7 18. Qd5+ Kh8 19. Qxb7 Nd4 20. Bd3 Bc6 21. Qe7 Qa5 22. Bc1 Qd5 23. Rd1 Bf6 24. Bg5 Bxe7 25. dxe7 Rf5 26. f3 Rxf3 27. Nf6 Rxf6 28. Bxf6+ Kg8 29. Bf1 Kf7 30. Bg5 h6 31. Rac1 Ne2+ 32. Kh1 Nxc1 33. Rxd5 Bxd5 34. Bxc1 Rb8 0-1

[Event "FRM CupT 15th"]
[Site "Skopje"]
[Date "2007.04.25"]
[Round "1"]
[White "Dimitrievski, Dragi"]
[Black "Atanasov, Sande"]
[Result "0-1"]
[WhiteElo "2267"]
[BlackElo "1992"]
[PlyCount "120"]
[EventDate "2007.04.25"]
[EventType "team-swiss"]
[EventRounds "5"]
[EventCountry "MKD"]
[SourceTitle "EXT 2019"]
[Source "ChessBase"]
[SourceDate "2018.10.10"]
[SourceVersion "1"]
[SourceVersionDate "2018.10.10"]
[SourceQuality "1"]

1. e4 d5 2. exd5 Qxd5 3. d4 Qa5+ 4. Nc3 c6 5. Nf3 Nf6 6. Bc4 Bg4 7. Bd2 Qh5 8. Be2 e6 9. h3 Nbd7 10. Ne5 Bxe2 11. Qxe2 Qxe2+ 12. Kxe2 Nxe5 13. dxe5 Nd7 14. f4 0-0-0 15. Be3 Bc5 16. Ne4 Bxe3 17. Kxe3 Kc7 18. c4 f6 19. exf6 gxf6 20. Rad1 Rhf8 21. Rd2 h6 22. g4 f5 23. Nf2 Rde8 24. Rhd1 Re7 25. gxf5 Rxf5 26. Ne4 e5 27. Nd6 exf4+ 28. Kf2 Rh5 29. Ne8+ Rxe8 30. Rxd7+ Kb6 31. Rh7 Rxh3 32. Rdd7 Kc5 33. Kg2 Ree3 34. Rhg7 Kxc4 35. Rxb7 a5 36. Ra7 Rhg3+ 37. Rxg3 Rxg3+ 38. Kf2 Kb5 39. Rb7+ Kc5 40. Rf7 Rh3 41. Rf5+ Kb6 42. Rf8 h5 43. a3 Kb5 44. Rf5+ c5 45. Rf8 c4 46. Rf5+ Ka4 47. Rxf4 Kb3 48. Kg2 Rd3 49. Rf2 h4 50. Kh2 c3 51. bxc3 Rxc3 52. Rf4 h3 53. a4 Rc4 54. Rf3+ Kxa4 55. Rxh3 Kb4 56. Kg2 a4 57. Kf2 a3 58. Ke2 a2 59. Rh1 Kb3 60. Kd3 Ra4 0-1

[Event "FRM-chT"]
[Site "Struga"]
[Date "2005.09.03"]
[Round "6"]
[White "Veleski, Robert"]
[Black "Dimitrievski, Dragi"]
[Result "1/2-1/2"]
[WhiteElo "2241"]
[BlackElo "2266"]
[PlyCount "108"]
[EventDate "2005.08.29"]
[EventType "team-tourn"]
[EventRounds "7"]
[EventCountry "MKD"]
[SourceTitle "CBM 108 Extra"]
[Source "ChessBase"]
[SourceDate "2005.11.04"]
[SourceVersion "1"]
[SourceVersionDate "2005.11.04"]
[SourceQuality "1"]

1. d4 Nf6 2. c4 g6 3. Nc3 Bg7 4. e4 d6 5. f3 0-0 6. Be3 e5 7. dxe5 dxe5 8. Qxd8 Rxd8 9. Nd5 Nxd5 10. cxd5 c6 11. Bc4 Bd7 12. Ne2 cxd5 13. Bxd5 Nc6 14. Bg5 Re8 15. Rd1 Nd4 16. Nxd4 exd4 17. Kd2 Be6 18. Bxe6 fxe6 19. Rc1 h6 20. Bh4 Rac8 21. Kd3 e5 22. Rhd1 Kf7 23. Be1 Ke6 24. Bd2 Kd6 25. Rxc8 Rxc8 26. Rc1 Rxc1 27. Bxc1 Kc5 28. Bd2 g5 29. h4 gxh4 30. f4 exf4 31. Bxf4 a6 32. Bb8 b6 33. Bc7 Bf6 34. Bf4 Bg7 35. Bd2 a5 36. Bf4 a4 37. Bb8 Kc6 38. Bh2 Kc5 39. Bf4 Kc6 40. Kc4 h5 41. b3 axb3 42. axb3 b5+ 43. Kd3 Kc5 44. Bd2 Bf6 45. Be1 Kd6 46. Bb4+ Ke5 47. Bc5 Kf4 48. Bxd4 Be7 49. Bf2 Kg4 50. Kd4 h3 51. gxh3+ Kxh3 52. e5 Kg4 53. Kd5 h4 54. Bxh4 Bxh4 1/2-1/2

[Event "FRM-chT"]
[Site "Struga"]
[Date "2005.08.30"]
[Round "2"]
[White "Vasovski, Nikola"]
[Black "Dimitrievski, Dragi"]
[Result "0-1"]
[WhiteElo "2367"]
[BlackElo "2266"]
[PlyCount "88"]
[EventDate "2005.08.29"]
[EventType "team-tourn"]
[EventRounds "7"]
[EventCountry "MKD"]
[SourceTitle "CBM 108 Extra"]
[Source "ChessBase"]
[SourceDate "2005.11.04"]
[SourceVersion "1"]
[SourceVersionDate "2005.11.04"]
[SourceQuality "1"]

1. d4 Nf6 2. c4 g6 3. Nf3 Bg7 4. g3 d6 5. Bg2 0-0 6. Nc3 Nc6 7. h3 e5 8. Bg5 h6 9. Be3 exd4 10. Nxd4 Nxd4 11. Bxd4 Be6 12. Nd5 c6 13. Ne3 Qe7 14. 0-0 Rfd8 15. Qc2 d5 16. c5 Nd7 17. Bxg7 Kxg7 18. Rac1 f5 19. Rfd1 Nf6 20. Qc3 Kh7 21. Nc2 Rd7 22. Nd4 Rc7 23. Qa5 Bf7 24. Rd3 Rcc8 25. Re3 Ne4 26. Rb3 Rc7 27. e3 Rd7 28. Ra3 a6 29. Bf1 Rc8 30. Kg2 Qe5 31. Bd3 Re7 32. Qe1 Nxc5 33. Rxc5 Qxd4 34. Qc1 Qe5 35. Ra4 Rf8 36. Qc2 Be6 37. Rd4 Bd7 38. b4 Rf6 39. a4 Kg7 40. a5 g5 41. Qc3 Ref7 42. Be2 f4 43. Bg4 fxe3 44. f4 e2 0-1

[Event "FRM-ch 14th"]
[Site "Struga"]
[Date "2005.07.17"]
[Round "9"]
[White "Ilic, Ljubomir"]
[Black "Dimitrievski, Dragi"]
[Result "1/2-1/2"]
[WhiteElo "2244"]
[BlackElo "2266"]
[PlyCount "22"]
[EventDate "2005.07.09"]
[EventType "swiss"]
[EventRounds "9"]
[EventCountry "MKD"]
[SourceTitle "CBM 107 Extra"]
[Source "ChessBase"]
[SourceDate "2005.09.01"]
[SourceVersion "1"]
[SourceVersionDate "2005.09.01"]
[SourceQuality "1"]

1. e4 e5 2. Nf3 Nc6 3. Nc3 Nf6 4. g3 Bc5 5. Bg2 d6 6. d3 0-0 7. 0-0 Be6 8. Be3 Bb6 9. Qd2 h6 10. a3 Kh7 11. Bxb6 axb6 1/2-1/2

[Event "Belgrade Trophy 18th"]
[Site "Obrenovac"]
[Date "2005.??.??"]
[Round "6"]
[White "Dimitrievski, Dragi"]
[Black "Kovacevic, Radmila"]
[Result "0-1"]
[WhiteElo "2266"]
[BlackElo "2059"]
[PlyCount "102"]
[EventDate "2005.11.22"]
[EventType "swiss"]
[EventRounds "9"]
[EventCountry "YUG"]
[SourceTitle "CBM 109 Extra"]
[Source "ChessBase"]
[SourceDate "2006.01.03"]
[SourceVersion "2"]
[SourceVersionDate "2006.01.03"]
[SourceQuality "1"]

1. e4 c5 2. Nf3 Nc6 3. d4 cxd4 4. Nxd4 e5 5. Nb5 d6 6. N1c3 a6 7. Na3 Be6 8. Nc4 b5 9. Ne3 Nf6 10. Bd3 Be7 11. 0-0 Nb4 12. f4 exf4 13. Rxf4 d5 14. Nf5 Bc5+ 15. Kh1 0-0 16. Qf3 Nxd3 17. cxd3 dxe4 18. Nxe4 Nxe4 19. dxe4 g6 20. Be3 Bxe3 21. Nxe3 Qd2 22. Qf2 Rfd8 23. Nf1 Qxf2 24. Rxf2 Rd4 25. Ng3 h5 26. h4 Rad8 27. b3 Rd2 28. Raf1 a5 29. Kg1 a4 30. bxa4 bxa4 31. a3 Bc4 32. Rc1 Rd1+ 33. Rxd1 Rxd1+ 34. Kh2 Ra1 35. Rc2 Bb3 36. Rc8+ Kg7 37. e5 Rxa3 38. Ne4 Be6 39. Rc5 Re3 40. Ng5 Bb3 41. Ra5 Rd3 42. Ra7 Kf8 43. Ne4 Rd4 44. Nf6 Rxh4+ 45. Kg3 Rb4 46. Kf3 Kg7 47. Ra5 Be6 48. g3 Kh6 49. Ne4 a3 50. Ke3 a2 51. Nc3 Rb1 0-1

[Event "Belgrade Trophy 18th"]
[Site "Obrenovac"]
[Date "2005.??.??"]
[Round "4"]
[White "Dimitrievski, Dragi"]
[Black "Martinovic, Slobodan"]
[Result "0-1"]
[WhiteElo "2266"]
[BlackElo "2448"]
[PlyCount "118"]
[EventDate "2005.11.22"]
[EventType "swiss"]
[EventRounds "9"]
[EventCountry "YUG"]
[SourceTitle "CBM 109 Extra"]
[Source "ChessBase"]
[SourceDate "2006.01.03"]
[SourceVersion "2"]
[SourceVersionDate "2006.01.03"]
[SourceQuality "1"]

1. e4 c5 2. Nf3 d6 3. d4 cxd4 4. Nxd4 Nf6 5. Nc3 Nc6 6. Be3 Ng4 7. Nxc6 bxc6 8. Bc1 Qb6 9. Qe2 g6 10. h3 Nf6 11. Qe3 Bg7 12. Be2 0-0 13. 0-0 Nd7 14. Nd1 Ba6 15. Bxa6 Qxa6 16. Bd2 Rfd8 17. Bc3 e5 18. Qf3 Nb6 19. Ne3 Na4 20. Bd2 f6 21. b3 Nc5 22. c4 Ne6 23. Bc3 Qc8 24. Nc2 Ng5 25. Qe3 Ne6 26. Rad1 Qb7 27. Qd2 Nf4 28. Ba5 Rd7 29. Ne3 Ne6 30. Qb4 Bf8 31. Qxb7 Rxb7 32. Rd2 Kf7 33. Rfd1 h5 34. Nc2 Nc5 35. f3 Rab8 36. Bc3 Ke6 37. Bb2 Rd7 38. Ba3 Na6 39. b4 Be7 40. Rd3 Nc7 41. Ne3 f5 42. c5 Rbd8 43. Nc4 d5 44. exf5+ gxf5 45. Na5 e4 46. Re1 Bf6 47. Nxc6 Ra8 48. fxe4 dxe4 49. Rxd7 Kxd7 50. Na5 Nb5 51. Rd1+ Ke6 52. Bc1 Be5 53. Nc6 Nc3 54. Rd2 Bf4 55. Rc2 Bxc1 56. Rxc3 Bd2 57. Rc2 e3 58. Kf1 Kd5 59. b5 a6 0-1

[Event "Belgrade Trophy 18th"]
[Site "Obrenovac"]
[Date "2005.??.??"]
[Round "9"]
[White "Sarenac, Ivan"]
[Black "Dimitrievski, Dragi"]
[Result "1/2-1/2"]
[WhiteElo "2070"]
[BlackElo "2266"]
[PlyCount "107"]
[EventDate "2005.11.22"]
[EventType "swiss"]
[EventRounds "9"]
[EventCountry "YUG"]
[SourceTitle "CBM 109 Extra"]
[Source "ChessBase"]
[SourceDate "2006.01.03"]
[SourceVersion "2"]
[SourceVersionDate "2006.01.03"]
[SourceQuality "1"]

1. e4 e5 2. Nf3 Nc6 3. Bc4 Bc5 4. d3 d6 5. c3 Nf6 6. Bb3 0-0 7. 0-0 Bb6 8. Nbd2 Be6 9. Bc2 h6 10. h3 g5 11. Nh2 Nh7 12. Qh5 Qf6 13. Ng4 Qg6 14. Qxh6 Ne7 15. Nf3 Bxg4 16. Qxg6+ Nxg6 17. hxg4 f6 18. g3 Kg7 19. Kg2 Rh8 20. d4 Rad8 21. Be3 Nhf8 22. Bb3 Nd7 23. Rad1 Nb8 24. a4 Nc6 25. Bd5 Nge7 26. Ba2 Rhe8 27. Rfe1 Ng6 28. Bd5 Nge7 29. Bc4 a6 30. Ba2 Ng6 31. d5 Nce7 32. Bxb6 cxb6 33. Nd2 Nc8 34. Nc4 Nge7 35. Ne3 Rh8 36. Rh1 Rxh1 37. Rxh1 Na7 38. Rf1 Nac8 39. Bc4 Rh8 40. Be2 Ng6 41. Nf5+ Kf7 42. Ra1 Ke8 43. Ra3 Kd7 44. Rb3 Kc7 45. Ne3 Nf8 46. Rb4 Nd7 47. Rc4+ Nc5 48. Rb4 a5 49. Rc4 b5 50. Rxc5+ dxc5 51. Bxb5 Nd6 52. Bd3 Rb8 53. c4 Ra8 54. b3 1/2-1/2

[Event "Macedonian op"]
[Site "Struga"]
[Date "2002.07.26"]
[Round "7"]
[White "Dimitrievski, Dragi"]
[Black "Martinov, Levko"]
[Result "1-0"]
[WhiteElo "2256"]
[BlackElo "2208"]
[PlyCount "67"]
[EventDate "2002.07.20"]
[EventType "swiss"]
[EventRounds "9"]
[EventCountry "MKD"]
[SourceTitle "CBM 089 Extra"]
[Source "ChessBase"]
[SourceDate "2002.09.10"]
[SourceVersion "2"]
[SourceVersionDate "2002.09.10"]
[SourceQuality "1"]

1. e4 e6 2. d4 d5 3. Nc3 Bb4 4. e5 c5 5. a3 cxd4 6. axb4 dxc3 7. Nf3 Qc7 8. Qd4 cxb2 9. Bxb2 Ne7 10. Bd3 Nd7 11. 0-0 Nb6 12. Qg4 Kf8 13. Rfe1 Nf5 14. Qf4 h5 15. h3 Nc4 16. Bc1 Kg8 17. g4 hxg4 18. hxg4 Nh4 19. Nxh4 Rxh4 20. Qg5 Rh8 21. Kg2 Bd7 22. Bf4 Qd8 23. Rxa7 Qb8 24. Rxa8 Qxa8 25. Rh1 Rxh1 26. Kxh1 Nb2 27. Be2 Ba4 28. Bc1 Nc4 29. Bd3 b5 30. Qh4 d4+ 31. Kg1 g6 32. Qf6 Qf8 33. Bg5 Nd2 34. Bxd2 1-0

[Event "Macedonian op"]
[Site "Struga"]
[Date "2002.07.22"]
[Round "3"]
[White "Dimitrievski, Dragi"]
[Black "Sapkaroski, Goce"]
[Result "1-0"]
[WhiteElo "2256"]
[BlackElo "2181"]
[PlyCount "113"]
[EventDate "2002.07.20"]
[EventType "swiss"]
[EventRounds "9"]
[EventCountry "MKD"]
[SourceTitle "CBM 089 Extra"]
[Source "ChessBase"]
[SourceDate "2002.09.10"]
[SourceVersion "2"]
[SourceVersionDate "2002.09.10"]
[SourceQuality "1"]

1. e4 c5 2. Nf3 e6 3. d4 cxd4 4. Nxd4 a6 5. Be3 Nf6 6. Bd3 Qc7 7. c4 d6 8. Nc3 Be7 9. 0-0 Nbd7 10. f3 b6 11. Rc1 Bb7 12. b3 Rc8 13. Kh1 0-0 14. Qe2 Qb8 15. Bb1 Rfd8 16. Bg1 Bf8 17. h3 Qa8 18. Qe3 g6 19. Rfd1 Re8 20. Qd2 Rcd8 21. Bh2 Ne5 22. Na4 Qa7 23. Bg1 Nfd7 24. b4 Nc6 25. Nc2 Nce5 26. Ne3 Bc6 27. Nb2 Nf6 28. a4 Bh6 29. Qd4 Nh5 30. Bh2 Bg7 31. Qd2 Qa8 32. b5 Bb7 33. Ng4 f5 34. Nxe5 dxe5 35. Qe3 Rd4 36. exf5 exf5 37. Rd2 Rxd2 38. Qxd2 e4 39. fxe4 fxe4 40. Re1 e3 41. Qe2 Bc3 42. Rf1 Bxg2+ 43. Qxg2 Qxg2+ 44. Kxg2 e2 45. Nd3 exf1Q+ 46. Kxf1 axb5 47. axb5 Re3 48. Bg1 Rxh3 49. Bxb6 Rh1+ 50. Bg1 Bd4 51. Nf2 Nf4 52. Be4 Rh5 53. Nd1 Bxg1 54. Kxg1 Kf7 55. b6 Ne2+ 56. Kf2 Nd4 57. Bd5+ 1-0

[Event "FRM Cup 11th"]
[Site "Stip"]
[Date "2002.05.12"]
[Round "5"]
[White "Dimitrievski, Dragi"]
[Black "Georgiev, Vladimir"]
[Result "0-1"]
[WhiteElo "2256"]
[BlackElo "2502"]
[PlyCount "118"]
[EventDate "2002.05.08"]
[EventType "team-tourn"]
[EventRounds "5"]
[EventCountry "MKD"]
[SourceTitle "CBM 088 Extra"]
[Source "ChessBase"]
[SourceDate "2002.07.01"]
[SourceVersion "2"]
[SourceVersionDate "2002.07.01"]
[SourceQuality "1"]

1. e4 d6 2. d4 Nf6 3. Nc3 e5 4. dxe5 dxe5 5. Qxd8+ Kxd8 6. Bd2 Bd6 7. 0-0-0 Ke7 8. f3 c6 9. g4 b5 10. Nge2 Nbd7 11. Ng3 g6 12. h4 Ne8 13. h5 Rg8 14. hxg6 hxg6 15. Be3 Nf8 16. Rd2 a6 17. Rdh2 Ne6 18. Rh8 Rxh8 19. Rxh8 Bb8 20. Nd1 Ba7 21. Bxa7 Rxa7 22. c3 Ng5 23. Be2 Be6 24. b3 a5 25. Kb2 Nc7 26. Nf2 Bd7 27. Nd3 Kd6 28. Rh6 Nce6 29. Nf5+ gxf5 30. gxf5 Ra8 31. fxe6 Bxe6 32. Rh2 Rg8 33. Rg2 f6 34. Rh2 Nh3 35. Bf1 Ng1 36. Ne1 Rg3 37. Rg2 Rxg2+ 38. Bxg2 b4 39. Bf1 Bf7 40. a3 bxc3+ 41. Kxc3 Bh5 42. Bg2 Ne2+ 43. Kd2 Nd4 44. Kc3 Nb5+ 45. Kb2 Kc5 46. Nc2 Nd4 47. Ne1 Ne2 48. Nc2 Nf4 49. Bh1 Bf7 50. Kc3 Ne2+ 51. Kb2 Nd4 52. b4+ axb4 53. axb4+ Kc4 54. Ne3+ Kxb4 55. Ng4 c5 56. Nxf6 c4 57. Nd5+ Bxd5 58. exd5 c3+ 59. Ka2 Ne2 0-1

[Event "FRM Cup 11th"]
[Site "Stip"]
[Date "2002.05.09"]
[Round "2"]
[White "Dimitrievski, Dragi"]
[Black "Nedev, Trajce"]
[Result "0-1"]
[WhiteElo "2256"]
[BlackElo "2476"]
[PlyCount "64"]
[EventDate "2002.05.08"]
[EventType "team-tourn"]
[EventRounds "5"]
[EventCountry "MKD"]
[SourceTitle "CBM 088 Extra"]
[Source "ChessBase"]
[SourceDate "2002.07.01"]
[SourceVersion "2"]
[SourceVersionDate "2002.07.01"]
[SourceQuality "1"]

1. e4 c5 2. Nf3 Nc6 3. d4 cxd4 4. Nxd4 Nf6 5. Nc3 d6 6. f3 Nxd4 7. Qxd4 g6 8. Be3 Bg7 9. Qd2 0-0 10. 0-0-0 Be6 11. g4 Qa5 12. a3 Rfc8 13. Nb5 Qd8 14. Nxa7 Rxa7 15. Bxa7 b6 16. Qb4 Qc7 17. Qa4 Bd7 18. Bxb6 Qxb6 19. Qb4 Qe3+ 20. Kb1 Qxf3 21. Ba6 Ra8 22. Qb7 Qxe4 23. Qxe4 Nxe4 24. Bb7 Nc3+ 25. bxc3 Rb8 26. Rhg1 Rxb7+ 27. Kc1 Bxc3 28. Rd3 Be5 29. Rb3 Rc7 30. h3 Ba4 31. Rb8+ Kg7 32. Rg2 Rc3 0-1